Music Quiz

Random Music or Lyrics Quiz
Score 0/40 Timer 20:00
0 Plays Today
% Correct
Tight Fit - The Lion Sleeps Tonight
84.9%
Ferry Aid - Let It Be
81.4%
Akon - Lonely
81.4%
Wet Wet Wet - Love Is All Around
80.2%
Christina Aguilera, Lil' Kim, Mya & Pink - Lady Marmalade
79.1%
Madonna - Like A Prayer
76.7%
Chris De Burgh - The Lady In Red
75.6%
Ricky Martin - Livin' La Vida Loca
75.6%
Bruno Mars - The Lazy Song
75.6%
Cliff Richard - Living Doll
73.3%
Madonna - La Isla Bonita
73.3%
David Bowie - Let's Dance
72.1%
Eminem - Lose Yourself
72.1%
Los Lobos - La Bamba
70.9%
Will Young - Light My Fire
70.9%
Eminem - Like Toy Soldiers
70.9%
Mud - Lonely This Christmas
69.8%
Bucks Fizz - Land Of Make Believe
67.4%
Jennifer Lopez - Love Don't Cost A Thing
67.4%
Kenny Rogers - Lucille
62.8%
% Correct
Freddie Mercury - Living On My Own
62.8%
Will Young & Gareth Gates - The Long And Winding Road
61.6%
PJ & Duncan - Let's Get Ready To Rhumble
61.6%
The Osmonds - Love Me For A Reason
60.5%
Modjo - Lady (Hear Me Tonight)
58.1%
Five - Let's Dance
54.7%
Ronan Keating - Life Is A Rollercoaster
53.5%
Sak Noel - Loca People
52.3%
One Direction - Little Things
50%
Will Young - Leave Right Now
48.8%
Baby D - Let Me Be Your Fantasy
45.3%
Naughty Boy feat. Sam Smith - La La La
45.3%
JLS - Love You More
44.2%
John Newman - Love Me Again
40.7%
Cher, Chrissie Hynde & Neneh Cherry with Eric Clapton - Love Can Build A Bridge
39.5%
Gary Barlow - Love Won't Wait
38.4%
Spice Girls - Let Love Lead The Way
37.2%
Oasis - Lyla
37.2%
Geri Halliwell - Lift Me Up
36%
Shapeshifters - Lola's Theme
33.7%
Remove Ads.
Support Sporcle.
Get the best of Sporcle when you Go Orange. This ad-free experience offers more features, more stats, and more fun while also helping to support Sporcle. Thank you for becoming a member.

You're not logged in!

Compare scores with friends on all Sporcle quizzes.
OR
Log In

Show Comments

Extras

Created Oct 13, 2013SourceReportNominate
Tags:Lyrics Quiz, UK Charts

Top Quizzes Today


Score Distribution

Your Account Isn't Verified!

In order to create a playlist on Sporcle, you need to verify the email address you used during registration. Go to your Sporcle Settings to finish the process.

Report this User

Report this user for behavior that violates our Community Guidelines.

Details: